| 000 | 00504 a2200145 4500 | ||
|---|---|---|---|
| 999 |
_c5847 _d5847 |
||
| 020 | _a9781849710770 | ||
| 050 | _aSH136.S88BUN2013 | ||
| 100 |
_aBunting, Stuart W _eauthor |
||
| 245 |
_aPrinciples of sustainable aquaculture : _bpromoting social, economic and environmental resilience / _cS W Bunting |
||
| 264 |
_aNew York, NY : _b Earthscan/ Routledge/Taylor & Francis, _c2013 |
||
| 300 | _a301p. : | ||
| 500 | _aincludes index | ||
| 650 | _asustainable acquaculture | ||
| 942 |
_2lcc _cBK _h136.S88 _iBUN _kSH |
||